01379nam a2200289Ia 4500003000400000005001700004008004100021020002900062040001700091082001800108100001700126245007200143250001300215260003000228300001500258650001800273650001700291700001800308942000900326952012500335952012500460952012500585952012500710952012500835952011600960999001301076IIN20240122163033.0231217s9999 xx 000 0 und d cRs.695.00a9788131261194 aIINbEnglish a616.9041bNAG1 aNagoba, B.S.1 aMedical Microbiology and ParasitologycB.S. Nagoba and Asha Pichare a.-4th ed bElsevieraNew Delhic2020 axv, 829 p.1 aMicrobiology 1 aParasitology1 aPichare, Asha cBOOK 00102ddc40708Purches BookaIINbIINd2023-12-17g695.00l0o616.9041 NAGp513r2023-12-17 21:32:20w2023-12-17yBOOK 00102ddc40708Purches BookaIINbIINd2023-12-17g695.00l0o616.9041 NAGp514r2023-12-17 21:32:20w2023-12-17yBOOK 00102ddc40708Purches BookaIINbIINd2023-12-17g695.00l0o616.9041 NAGp515r2023-12-17 21:32:20w2023-12-17yBOOK 00102ddc40708Purches BookaIINbIINd2023-12-17g695.00l0o616.9041 NAGp516r2023-12-17 21:32:20w2023-12-17yBOOK 00102ddc40708Purches BookaIINbIINd2023-12-17g695.00l0o616.9041 NAGp517r2023-12-17 21:32:20w2023-12-17yBOOK 00102ddc40708PURCHaIINbIINcGENd2025-03-11l0o616.9041 NAGp1876r2025-04-09 15:02:03w2025-04-09yBOOK c518d518